000
00272nam a2200109Ia 4500
008
200302s9999 xx 000 0 und d
100
_a
Norman Foster
245
_a
Modern British Architecture Since 1945
260
_b
Riba Magazines Ltd.
260
_c
1984
300
_a
185 P.,
999
_c
1435
_d
1435